000 00655nam a2200217 a 4500
001 000022909
005 20200930021852.0
008 101122s1989 ag r 000 0 spa d
020 _a950180946
040 _aDO-SdBNP
_bspa
_cBNPHU
082 _axxxx
_bM647l
100 1 _aMiller, William
_947096
245 1 3 _aLa libertad religiosa /
_cWilliam Miller ; traducción Eduardo Reyes.
260 _aBuenos Aires, Argentina :
_bTres Tiempos,
_c1989.
300 _a496 p. ;
_c20 cm.
490 1 _aHoy candente
500 _aIncluye notas al pie de las páginas.
700 1 _aReyes, Eduardo,
_etr.
_947097
830 0 _aHoy candente
_947098
049 _aBNGR
999 _c22406
_d22406